000 00668nam a2200217Ia 4500
003 GCL
008 140319s9999 xx 000 0 ara d
040 _aGCL /
_cGCL
082 0 4 _a956.042
_bا ح
100 1 _aابراهيم شكيب
245 1 0 _aحرب فلسطين 1948: رؤية مصرية /
_cابراهيم شكيب
260 _a[S.N] :
_bالزهراء للاعلام العربى ،
_c1986
300 _a601 ص
490 _a
650 0 4 _aتاريخ
650 0 4 _aالقضية الفلسطينية
650 0 4 _aالاحتلال الصهيونى
650 0 4 _aفلسطين المحتلة
650 0 4 _aحرب فلسطين 1948
942 _2ddc
_cBK
999 _c51490
_d51490